Design and analysis of algorithms (Record no. 157243)

MARC details
000 -LEADER
fixed length control field 00388nam a2200157Ia 4500
008 - FIXED-LENGTH DATA ELEMENTS--GENERAL INFORMATION
fixed length control field 230917s9999||||xx |||||||||||||| ||und||
040 ## - CATALOGING SOURCE
-- 178887
Original cataloging agency VIVEKANANDA LIBRARY
041 ## - Language
-- English
082 ## - DDC NUMBER
Classification number 005.713 S23D(3)
100 ## - MAIN ENTRY--PERSONAL NAME
Personal name Sharma, Gajendra
245 #0 - TITLE STATEMENT
Title Design and analysis of algorithms
250 ## - EDITION STATEMENT
Edition statement 3rd ed.
260 ## - PUBLICATION, DISTRIBUTION, ETC. (IMPRINT)
Place of publication, distribution, etc New Delhi
Name of publisher, distributor, etc Khanna
Date of publication, distribution, etc 2008
300 ## - PHYSICAL DESCRIPTION
Pages xv, 610 p.
942 ## - ADDED ENTRY ELEMENTS (KOHA)
Koha item type Books
Holdings
Withdrawn status Lost status Damaged status Not for loan Location (home branch) Sublocation or collection (holding branch) Shelving location Date acquired Koha issues (times borrowed) Koha full call number Accession No. Koha date last seen Koha item type
        VIVEKANANDA LIBRARY VIVEKANANDA LIBRARY UIET Library 21/01/2011 1 005.713 S23D(3) 285942 11/12/2023 Books
        VIVEKANANDA LIBRARY VIVEKANANDA LIBRARY UIET Library 21/01/2011   005.713 S23D(3) 285943 17/09/2023 Books
        VIVEKANANDA LIBRARY VIVEKANANDA LIBRARY UIET Library 21/01/2011   005.713 S23D(3) 285944 17/09/2023 Books
        VIVEKANANDA LIBRARY VIVEKANANDA LIBRARY UIET Library 21/01/2011   005.713 S23D(3) 285945 17/09/2023 Books
        VIVEKANANDA LIBRARY VIVEKANANDA LIBRARY UIET Library 21/01/2011 1 005.713 S23D(3) 285946 26/05/2025 Books
© Designed and Maintained by Vivekananda Library, MDU Rohtak